La cultura del renacimiento en Italia
Uloženo v:
| Hlavní autor: | |
|---|---|
| Médium: | Kniha |
| Jazyk: | španělština |
| Vydáno: |
Buenos Aires
Losada
1944
|
| Vydání: | 2a. ed |
| Témata: | |
| Tagy: |
Přidat tag
Žádné tagy, Buďte první, kdo vytvoří štítek k tomuto záznamu!
|
MARC
| LEADER | 00000nam a2200000 a 4500 | ||
|---|---|---|---|
| 001 | UCP6379 | ||
| 003 | CL-VaPUC | ||
| 008 | 991022e19440000AG |||||||||||||||||spa|d | ||
| 082 | 0 | 4 | |a 945.05 |b BUR |2 21 |
| 100 | 0 | |a Burckhardt, Jacob |e author |9 325782 | |
| 245 | 1 | 3 | |a La cultura del renacimiento en Italia |
| 250 | |a 2a. ed | ||
| 300 | |a 482 p | ||
| 942 | |c BK | ||
| 945 | |d 19991022 00:00:00 |a lriquelm | ||
| 260 | |a Buenos Aires |b Losada |c 1944 | ||
| 650 | 0 | |a Renacimiento |9 255107 | |
| 650 | 7 | |a HISTORIA DE ITALIA SIGLOS 14-15 |2 CL-VaPUC |9 435490 | |
| 650 | 0 | |a Religión |9 255164 | |
| 650 | 0 | |a Vida social |9 337244 | |
| 650 | 0 | |a Desarrollo cultural |9 267526 | |
| 651 | 0 | |a Italia |9 254949 | |
| 583 | |a last modification |c 20160830 01:15:46 |k Rodrigo Vera | ||
| 999 | |c 283966 |d 283964 | ||
| 952 | |0 0 |1 0 |4 0 |6 945_050000000000000_BUR_1944 |7 0 |8 R |9 327532 |a BIBHIS |b BIBHIS |d 2019-11-20 |i 1383442 |o 945.05 BUR 1944 |p 1383442 |r 2024-01-30 |w 2019-11-20 |y BK_R |k HIS | ||